000 01032nam a22002897a 4500
001 5423
003 FISKH
005 20241204155217.0
008 241204b cb ||||| |||| 00| 0 eng d
020 _a9780545342353
040 _aFISKH
_beng
_cFISKH
_dFISKH
050 _aPZ7.M992
082 _a813
100 _aMyers, Walter Dean
245 _aHarlem Summer /
_cby Walter Dean Myers
260 _aNew York :
_bScholastic ;
_c2007 .
300 _a165 pages :
_billustrations ;
_c22 cm .
505 _aW
520 _aIn 1920s Harlem, sixteen-year-old Mark Purvis, an aspiring jazz saxophonist, gets a summer job as an errand boy for the publishers of the groundbreaking African American magazine, "The Crisis," but soon finds himself on the enemy list of mobster Dutch Shultz.
521 8 _a860
_bLexile
521 8 _aW
_bRaz-Plus
650 _aHarlem Renaissance
_vFiction
650 _aBlack History Month
_vFiction
700 _aEvans, Shane W.
_eillustrator
942 _2ddc
_cBK
_n0
999 _c5423
_d5423